| 000 | 00735nam a22002417a 4500 | ||
|---|---|---|---|
| 005 | 20231201145340.0 | ||
| 010 | _aENG-138532 | ||
| 020 |
_c480.00 _a9788192933542 |
||
| 035 | _aEN-122064 | ||
| 037 | _bDBAD/PUB | ||
| 082 | _a000 | ||
| 100 |
_aKumar, Sanjiv _959329 |
||
| 245 |
_aLucent's: _bObjective General Knowledge/ _cby Sanjiv Kumar...{et.al} |
||
| 260 |
_aPatna _bLucent Publications _c2022 |
||
| 270 |
_bBihar _aNew Bypass Road Ashochak _e800030 _k07766913350 |
||
| 300 |
_a 654p. _c27cm(pbk) |
||
| 700 |
_aKumar, Sanjeev _959319 |
||
| 700 |
_aKumar Singh, Sunil _959322 |
||
| 700 |
_aSuman, R.P _959330 |
||
| 700 |
_aSinha, Renu _959331 |
||
| 700 |
_aAhilya, Rani _959332 |
||
| 942 |
_2ddc _cEN _h000 _mSAN |
||
| 999 |
_c199384 _d199384 |
||